| 000 | 00393nam a2200157Ia 4500 | ||
|---|---|---|---|
| 003 | GCL | ||
| 008 | 140319s9999 xx 000 0 eng d | ||
| 040 |
_aGCL / _cGCL |
||
| 082 | 0 | 4 |
_a126 _bL T |
| 100 | 1 | _aLEVIN, DAVID J | |
| 245 | 1 | 0 |
_aTHEORIES OF THE SELF / _cLEVIN, DAVID J |
| 260 |
_a[S.N] : _bJEROME DAVID LEVIN ، _c1992 |
||
| 300 | _a220 PP | ||
| 650 | 0 | 4 | _aPHILOSOPHY |
| 942 |
_2ddc _cBK |
||
| 999 |
_c19217 _d19217 |
||